000 00912nam a2200289 a 4500
001 000030634
003 DO-SdBPM
005 20260323123135.0
007 ta
008 110525s2010 dr 000 0 spa d
040 _aDO-SdBPM
_bspa
_cBPMSU
_drda
049 _a
082 _a RD861.5
_bR789p 2010
_222
100 1 _aRosario, Rolando
_d1963-
_eautor
_4aut.
245 1 0 _aPoemas al mundo /
_cRolando Rosario.
264 _aSanto Domingo :
_bUniversitaria,
_c2010.
300 _a56 páginas :
_bilustraciones, retratos ;
_c22 cm.
336 _atexto
_btxt
_2rdacontent
337 _asin mediación
_bn
_2rdamedia
338 _avolumen
_bnc
_2rdacarrier
500 _aIncluye datos biográfico del autor en la contracubierta
590 _aInventariado, 2026/VM
650 7 _aPoesías dominicanas
650 7 _aLiteratura dominicana
910 _aVMateo V. Control de calidad BPMSU
942 _2ddc
_cBK
999 _c15760
_d15760